| 000 | 00439nam a2200193Ia 4500 | ||
|---|---|---|---|
| 005 | 20250423100315.0 | ||
| 008 | 250422s9999 xx 000 0 und d | ||
| 020 | _a9781451176094 | ||
| 050 | _aQM 451 .G68/ | ||
| 100 | _aGould, Douglas J. | ||
| 245 | 0 | _aNeuroanatomy | |
| 250 | _a5th ed. | ||
| 260 | _aLondon | ||
| 260 | _bWolters Kluwer | ||
| 260 | _c2014 | ||
| 300 | _a368 p | ||
| 650 | _aNeuroanatomy--Atlases. | ||
| 942 | _cBK | ||
| 999 |
_c32906 _d32906 |
||